| 000 | 00521nam a22001817a 4500 | ||
|---|---|---|---|
| 003 | BD-DhUIB | ||
| 005 | 20260518144722.0 | ||
| 008 | 260518b |||||||| |||| 00| 0 eng d | ||
| 020 | _a0520022688 | ||
| 040 |
_aBD-DhUIB _cBD-DhUIB |
||
| 082 | _222 | ||
| 100 |
_aDore, Ronald. _91118 |
||
| 245 |
_aBritish factory Japanese factory : _bthe origins of national diversity in industrial relations/ _cby Ronald Dore. |
||
| 260 |
_aEngland. _cc1973 |
||
| 300 |
_aii, 467p. : _billus. ; _c20cm. |
||
| 526 | _aMBA | ||
| 942 |
_2ddc _cBK |
||
| 999 |
_c705 _d705 |
||